[Event "Sunway Sitges Open 2016"]
[Site "Sitges ESP"]
[Date "2016.12.18"]
[Round "4.24"]
[White "Garcia Ramos, Daniel"]
[Black "Beerdsen, Thomas"]
[Result "1/2-1/2"]
[BlackTitle "FM"]
[WhiteElo "2268"]
[BlackElo "2407"]
[WhiteFideId "32010311"]
[BlackFideId "1030108"]
[EventDate "2016.12.16"]

1. e4 c5 2. Nf3 d6 3. d4 cxd4 4. Nxd4 Nf6 5. f3 e5 6. Nb3 d5 7. Bg5 d4 8. c3 Nc6
9. Bb5 Qb6 10. Qe2 Be7 11. Bh4 Nh5 12. Bxe7 Kxe7 13. g3 Rd8 14. N1d2 dxc3 15.
bxc3 Be6 16. Bc4 Nf6 17. Rb1 Rac8 18. Bxe6 fxe6 19. Nc4 Qc7 20. O-O b6 21. f4
Nd4 22. cxd4 Qxc4 23. Qf3 exd4 24. Rbc1 Qa6 25. e5 Ne8 26. f5 Rxc1 27. Nxc1 exf5
28. Qxf5 Qc4 29. Nd3 Qe6 30. Qxh7 Kd7 31. Qe4 Nc7 32. Nf4 Qxa2 33. Rc1 Ne6 34.
Qb7+ Ke8 35. Nxe6 Qxe6 36. Qxg7 Qe7 37. Qg8+ Qf8 38. Qe6+ Qe7 39. Qg8+ Qf8 40.
Qe6+ 1/2-1/2

[Event "Sunway Sitges Open 2016"]
[Site "Sitges ESP"]
[Date "2016.12.18"]
[Round "4.25"]
[White "Collas, Didier"]
[Black "Garcia Martin, Marta"]
[Result "1-0"]
[WhiteTitle "IM"]
[BlackTitle "WFM"]
[WhiteElo "2399"]
[BlackElo "2184"]
[WhiteFideId "602680"]
[BlackFideId "32084030"]
[EventDate "2016.12.16"]

1. e4 c5 2. Nf3 e6 3. d4 cxd4 4. Nxd4 Nc6 5. Nc3 Qc7 6. Be3 a6 7. Qd2 Nf6 8.
O-O-O Be7 9. f3 b5 10. Nxc6 dxc6 11. g4 e5 12. h4 O-O 13. Qf2 Rd8 14. Bd3 Rb8
15. h5 Ne8 16. g5 Be6 17. g6 h6 18. gxf7+ Bxf7 19. Rdg1 Rd6 20. Qd2 Kh7 21. f4
Rf6 22. Kb1 Bd6 23. f5 Qa5 24. a3 Qc7 25. Nd1 Bg8 26. Rg6 Qf7 27. Nc3 b4 28.
axb4 Bxb4 29. Kc1 Qb7 30. Qg2 Bf7 31. Nd1 Bf8 32. Qe2 Qb4 33. b3 Qa3+ 34. Kd2
Bb4+ 35. c3 Qa2+ 36. Ke1 Qxe2+ 37. Kxe2 Bf8 38. b4 1-0

[Event "Sunway Sitges Open 2016"]
[Site "Sitges ESP"]
[Date "2016.12.18"]
[Round "4.27"]
[White "Michelakos, Panagiotis"]
[Black "Henderson de La Fuente, Lance"]
[Result "1/2-1/2"]
[WhiteElo "2257"]
[BlackElo "2378"]
[WhiteFideId "4216067"]
[BlackFideId "32096585"]
[EventDate "2016.12.16"]

1. Nf3 Nf6 2. c4 b6 3. g3 Bb7 4. Bg2 g6 5. Nc3 Bg7 6. O-O O-O 7. d4 Ne4 8. Nxe4
Bxe4 9. Be3 c5 10. Qd2 d6 11. Bh6 Nd7 12. Qf4 Nf6 13. d5 b5 14. Bxg7 Kxg7 15.
Nd2 Bxg2 16. Kxg2 bxc4 17. e4 c3 18. bxc3 Qa5 19. c4 Rab8 20. Nb3 Qa4 21. e5
dxe5 22. Qxe5 Qxc4 23. Rfd1 Qe4+ 24. Qxe4 Nxe4 25. Rac1 Rfc8 26. Re1 Nf6 27.
Rxe7 Nxd5 28. Re5 c4 29. Rxd5 cxb3 30. Rxc8 bxa2 31. Rxb8 a1=Q 32. Rbb5 Qf6 33.
Ra5 a6 34. Rd1 Qc6+ 35. Kg1 h5 1/2-1/2

[Event "Sunway Sitges Open 2016"]
[Site "Sitges ESP"]
[Date "2016.12.18"]
[Round "4.28"]
[White "Villegas, Pierre"]
[Black "Monnisha, G K"]
[Result "1/2-1/2"]
[WhiteTitle "FM"]
[BlackTitle "WIM"]
[WhiteElo "2374"]
[BlackElo "2140"]
[WhiteFideId "654183"]
[BlackFideId "5009936"]
[EventDate "2016.12.16"]

1. c4 e5 2. Nc3 Nf6 3. Nf3 Nc6 4. e4 d6 5. d4 Bg4 6. d5 Nd4 7. Be2 Nxe2 8. Qxe2
Be7 9. h3 Bxf3 10. Qxf3 Qd7 11. g4 h6 12. Be3 a6 13. Rc1 Nh7 14. b4 Bg5 15. c5
b5 16. Ke2 Nf8 17. h4 Bxe3 18. fxe3 Ng6 19. c6 Qd8 20. h5 Ne7 21. Rcf1 Rf8 22.
g5 a5 23. gxh6 gxh6 24. a3 axb4 25. axb4 Ra3 26. Kd2 Qa8 27. Rc1 f5 28. Rhf1 f4
29. exf4 Rxf4 30. Qh3 Qa7 31. Rxf4 exf4 32. Rf1 Qd4+ 33. Kc2 Qxe4+ 34. Nxe4 Rxh3
35. Nf6+ Kf7 36. Rxf4 1/2-1/2

[Event "Sunway Sitges Open 2016"]
[Site "Sitges ESP"]
[Date "2016.12.18"]
[Round "4.29"]
[White "Krishna Teja, N"]
[Black "Derakhshani, Dorsa"]
[Result "1/2-1/2"]
[WhiteTitle "IM"]
[BlackTitle "IM"]
[WhiteElo "2253"]
[BlackElo "2370"]
[WhiteFideId "5001498"]
[BlackFideId "12500330"]
[EventDate "2016.12.16"]

1. d4 Nf6 2. c4 e6 3. Nf3 b6 4. g3 Bb7 5. Bg2 Be7 6. O-O O-O 7. Nc3 Ne4 8. Nxe4
Bxe4 9. Ne1 Bxg2 10. Nxg2 d5 11. Qa4 Qd7 12. Qxd7 Nxd7 13. cxd5 exd5 14. Bf4
Rac8 15. Rac1 c5 16. Ne3 Nf6 17. Be5 Rfd8 18. dxc5 Bxc5 19. Bxf6 Bxe3 20. fxe3
gxf6 21. Rfd1 Kg7 1/2-1/2

[Event "Sunway Sitges Open 2016"]
[Site "Sitges ESP"]
[Date "2016.12.18"]
[Round "4.30"]
[White "Meister, Peter"]
[Black "Sai Agni Jeevitesh, J"]
[Result "1-0"]
[WhiteTitle "IM"]
[WhiteElo "2366"]
[BlackElo "2115"]
[WhiteFideId "4600207"]
[BlackFideId "5070147"]
[EventDate "2016.12.16"]

1. d4 Nf6 2. c4 e6 3. Nf3 Bb4+ 4. Nbd2 b6 5. a3 Bxd2+ 6. Qxd2 Bb7 7. g3 d5 8.
cxd5 Bxd5 9. Bg2 O-O 10. b4 Nbd7 11. O-O b5 12. a4 bxa4 13. Rxa4 Nb6 14. Ra1 Nc4
15. Qd3 Qe7 16. Bg5 Nd6 17. Ne5 Rfc8 18. Rfc1 Bxg2 19. Kxg2 Nde4 20. Qxe4 Nxe4
21. Bxe7 Nf6 1-0

[Event "Sunway Sitges Open 2016"]
[Site "Sitges ESP"]
[Date "2016.12.18"]
[Round "4.31"]
[White "Pratyusha, Bodda"]
[Black "Iniyan, P"]
[Result "0-1"]
[WhiteTitle "WIM"]
[WhiteElo "2247"]
[BlackElo "2363"]
[WhiteFideId "5000629"]
[BlackFideId "25002767"]
[EventDate "2016.12.16"]

1. d4 Nf6 2. c4 g6 3. Nc3 Bg7 4. Nf3 O-O 5. Bg5 d6 6. e3 Nbd7 7. Qc2 c6 8. Be2
Qc7 9. O-O e5 10. Bh4 Re8 11. h3 exd4 12. Nxd4 Nc5 13. Rad1 Nfe4 14. Nxe4 Rxe4
15. Bg3 Re8 16. b4 Ne4 17. Bh2 Qe7 18. Nf3 a5 19. b5 cxb5 20. cxb5 Bd7 21. g4
Reb8 22. Qb3 Be6 23. Qd3 0-1

[Event "Sunway Sitges Open 2016"]
[Site "Sitges ESP"]
[Date "2016.12.18"]
[Round "4.32"]
[White "Van Kessel, Wessel"]
[Black "Dedebas, Emre Emin"]
[Result "0-1"]
[BlackTitle "FM"]
[WhiteElo "2056"]
[BlackElo "2358"]
[WhiteFideId "233404"]
[BlackFideId "6349005"]
[EventDate "2016.12.16"]

1. d4 d5 2. c4 dxc4 3. e4 c5 4. d5 Nf6 5. Nc3 b5 6. Bf4 Qa5 7. a4 Nxe4 8. Be2
Nd6 9. axb5 Qb6 10. Na4 Qxb5 11. Be3 Qa5+ 0-1

[Event "Sunway Sitges Open 2016"]
[Site "Sitges ESP"]
[Date "2016.12.18"]
[Round "4.33"]
[White "Divya, Lakshmi R"]
[Black "Cruz, Filemon"]
[Result "1/2-1/2"]
[BlackTitle "IM"]
[WhiteElo "1918"]
[BlackElo "2355"]
[WhiteFideId "5090016"]
[BlackFideId "3800296"]
[EventDate "2016.12.16"]

1. e4 c5 2. Nf3 e6 3. d4 cxd4 4. Nxd4 a6 5. c4 Qc7 6. Nc3 Nf6 7. a3 Nc6 8. Be3
Be7 9. Be2 O-O 10. O-O d6 11. Rc1 Ne5 12. b4 Re8 13. f3 b6 14. Qd2 Bb7 15. Rfd1
Rac8 16. Na4 Nfd7 17. Nb3 Qc6 18. Nb2 h5 19. a4 Qc7 20. a5 bxa5 21. Nxa5 h4 22.
c5 d5 23. c6 Nxc6 24. Nxc6 Bxc6 25. Bxa6 Qb8 26. Bxc8 Rxc8 27. exd5 Bxd5 28.
Rxc8+ Qxc8 29. Nd3 h3 30. Nf4 hxg2 31. Nxd5 exd5 32. Qxd5 Nf6 33. Qd4 Qh3 34.
Qf4 Qe6 35. Bc5 Qb3 36. Rd2 Nd5 37. Qe5 Qxf3 38. Rf2 Bxc5 39. bxc5 Qb3 40. c6
Qb1+ 41. Kxg2 Qg6+ 1/2-1/2

[Event "Sunway Sitges Open 2016"]
[Site "Sitges ESP"]
[Date "2016.12.18"]
[Round "4.34"]
[White "Epishin, Vladimir"]
[Black "Plazuelo Pascual, Juan"]
[Result "1/2-1/2"]
[WhiteTitle "GM"]
[BlackTitle "FM"]
[WhiteElo "2571"]
[BlackElo "2309"]
[WhiteFideId "4162714"]
[BlackFideId "32059566"]
[EventDate "2016.12.16"]

1. d4 Nf6 2. Nf3 e6 3. c4 d5 4. Bg5 dxc4 5. Qa4+ Nbd7 6. Nc3 a6 7. e4 b5 8. Nxb5
axb5 9. Qxa8 Bb4+ 10. Bd2 Nb6 11. Qc6+ Bd7 12. Qb7 Bc8 13. Qa7 Bxd2+ 14. Nxd2
Qxd4 15. Qa3 Nxe4 16. Nxe4 Qxe4+ 17. Qe3 Bb7 18. Qxe4 Bxe4 19. b3 Bd5 20. bxc4
Nxc4 21. a4 bxa4 22. Rxa4 Nd6 23. f3 O-O 24. Bd3 c5 25. Bc2 Rb8 26. Ra5 c4 27.
Kd2 Rc8 28. Kc3 g6 29. Rb1 Nf5 1/2-1/2

[Event "Sunway Sitges Open 2016"]
[Site "Sitges ESP"]
[Date "2016.12.19"]
[Round "5.19"]
[White "Alonso Bouza, Julio Javier"]
[Black "Lemos, Damian"]
[Result "1-0"]
[WhiteTitle "FM"]
[BlackTitle "GM"]
[WhiteElo "2365"]
[BlackElo "2516"]
[WhiteFideId "3508889"]
[BlackFideId "113581"]
[EventDate "2016.12.16"]

1. e4 e5 2. Nf3 Nc6 3. Bb5 a6 4. Ba4 Nf6 5. O-O Be7 6. Qe2 b5 7. Bb3 O-O 8. c3
d6 9. d4 Bg4 10. Rd1 Qc8 11. a4 Rb8 12. axb5 axb5 13. Be3 d5 14. exd5 e4 15.
dxc6 exf3 16. gxf3 Bh5 17. Nd2 Qf5 18. Kg2 Nd5 19. Nf1 Qe6 20. Ng3 Nxe3+ 21.
Qxe3 Qxb3 22. Qxe7 Rbe8 23. Qc5 Bg6 24. Rd2 f5 25. d5 f4 26. Ra3 Qc4 27. Qxc4
bxc4 28. Ne4 Bxe4 29. fxe4 f3+ 30. Kg3 Rxe4 31. Rd4 Re2 32. Ra7 Rc8 33. Rb7 Re5
34. d6 cxd6 35. Rxd6 Rc5 36. Rdd7 R5xc6 37. Rxg7+ Kh8 38. Rxh7+ Kg8 39. Rbg7+
Kf8 40. Rg4 1-0

[Event "Sunway Sitges Open 2016"]
[Site "Sitges ESP"]
[Date "2016.12.19"]
[Round "5.21"]
[White "Cruz, Filemon"]
[Black "Liang, Awonder"]
[Result "0-1"]
[WhiteTitle "IM"]
[BlackTitle "IM"]
[WhiteElo "2355"]
[BlackElo "2495"]
[WhiteFideId "3800296"]
[BlackFideId "2056437"]
[EventDate "2016.12.16"]

1. c4 e5 2. Nc3 Nf6 3. g3 Bb4 4. Bg2 O-O 5. d3 Bxc3+ 6. bxc3 Re8 7. e4 c6 8. Ne2
d5 9. cxd5 cxd5 10. exd5 Nxd5 11. O-O Nc6 12. h3 Bf5 13. d4 exd4 14. cxd4 Be4
15. f3 Bg6 16. Kh2 Qf6 17. Rf2 Ncb4 18. Nf4 Nxf4 19. Bxf4 Nd3 20. Rd2 Nxf4 21.
gxf4 Qxf4+ 22. Kh1 Qd6 23. d5 Re3 24. Qf1 Rae8 25. Qf2 h5 26. Rad1 Bf5 27. Rb2
b6 28. Rbd2 b5 29. Kg1 b4 30. Qh4 g6 31. Kf2 a5 32. Qd4 Rc3 0-1

[Event "Sunway Sitges Open 2016"]
[Site "Sitges ESP"]
[Date "2016.12.19"]
[Round "5.22"]
[White "Krysa, Leandro"]
[Black "Nihal, Sarin"]
[Result "1/2-1/2"]
[WhiteTitle "IM"]
[BlackTitle "FM"]
[WhiteElo "2491"]
[BlackElo "2340"]
[WhiteFideId "116807"]
[BlackFideId "25092340"]
[EventDate "2016.12.16"]

1. d4 Nf6 2. c4 e6 3. Nc3 Bb4 4. Qc2 b6 5. a3 Bxc3+ 6. Qxc3 Bb7 7. Nf3 d6 8. g3
Nbd7 9. Bg2 O-O 10. O-O Qe7 11. b4 Ne4 12. Qc2 f5 13. Bb2 Rae8 14. Ne1 e5 15.
dxe5 Nxe5 16. Nd3 Nd7 17. Rad1 Qf7 18. Nf4 Ba8 19. Nd5 Ndf6 20. Nxf6+ Nxf6 21.
Bxa8 Rxa8 22. Qxf5 Qxc4 23. Rc1 Qb3 24. Bxf6 Rxf6 25. Qe4 Raf8 26. Rxc7 Qxa3 27.
Qd5+ R6f7 28. Rfc1 Qb2 29. Rc8 g6 30. Rxf8+ Kxf8 31. Qxd6+ Kg7 32. Re1 a5 33.
bxa5 bxa5 34. Kf1 a4 35. Rd1 a3 36. Qd4+ Qxd4 37. Rxd4 Ra7 38. Rd1 a2 39. Ra1
Kf6 40. Ke1 Kf5 41. h3 Ke4 42. Kd2 Kd4 43. Kc2 Rc7+ 44. Kb2 Rb7+ 45. Kc2 Rc7+ 1/2-1/2

[Event "Sunway Sitges Open 2016"]
[Site "Sitges ESP"]
[Date "2016.12.19"]
[Round "5.23"]
[White "Piasetski, Leon"]
[Black "Golubov, Saveliy"]
[Result "0-1"]
[WhiteTitle "IM"]
[BlackTitle "IM"]
[WhiteElo "2327"]
[BlackElo "2490"]
[WhiteFideId "2600072"]
[BlackFideId "24176729"]
[EventDate "2016.12.16"]

1. c4 Nf6 2. Nc3 g6 3. e4 d6 4. d4 Bg7 5. h3 O-O 6. Bg5 Nbd7 7. Bd3 c5 8. d5 a6
9. a4 e6 10. Nf3 exd5 11. exd5 Re8+ 12. Be2 h6 13. Be3 Ne4 14. Nxe4 Rxe4 15. Qc2
Qe7 16. O-O Nf6 17. Bd3 Rxe3 18. fxe3 Qxe3+ 19. Rf2 Qf4 20. Rff1 Nh5 21. Rae1
Bd7 22. Re7 Rd8 23. b3 Qg3 24. Qf2 Qxf2+ 25. Kxf2 Nf4 26. Bc2 Bf6 27. Re4 g5 28.
Ree1 b5 29. Kg3 Rb8 30. axb5 axb5 31. Nd2 Bc3 32. Re7 Be8 33. Ne4 Be5 34. Nxc5
Ne6+ 35. Kg4 Nxc5 36. Rxe5 dxe5 37. b4 Na6 38. c5 Nxb4 39. Be4 Rc8 0-1

[Event "Sunway Sitges Open 2016"]
[Site "Sitges ESP"]
[Date "2016.12.19"]
[Round "5.25"]
[White "Romanishin, Oleg M"]
[Black "Ayats Llobera, Gerard"]
[Result "1-0"]
[WhiteTitle "GM"]
[BlackTitle "FM"]
[WhiteElo "2463"]
[BlackElo "2315"]
[WhiteFideId "14100088"]
[BlackFideId "32067607"]
[EventDate "2016.12.16"]

1. d4 d5 2. Nf3 Nf6 3. c4 e6 4. Nc3 c6 5. g3 Nbd7 6. Bg2 Be7 7. O-O O-O 8. Qd3
b6 9. e4 dxe4 10. Nxe4 Bb7 11. Nc3 Bd6 12. Rd1 Qc7 13. Ng5 Rad8 14. Be3 e5 15.
d5 c5 16. Bh3 Bc8 17. Bf5 g6 18. Bh3 a6 19. a4 Nb8 20. Bxc8 Rxc8 21. Nce4 Nxe4
22. Qxe4 h6 23. Ne6 fxe6 24. Qxg6+ Kh8 25. dxe6 Nc6 26. Qxh6+ Kg8 27. Qg5+ Kh8
28. Qh5+ Kg8 29. Qg6+ Kh8 30. e7 Bxe7 31. Qh6+ Kg8 32. Qe6+ Kh8 33. Rd7 Qb8 34.
Qh6+ Kg8 35. Qg6+ Kh8 36. Bh6 Rg8 37. Qh5 Rg7 38. Bxg7+ Kxg7 39. Rad1 Re8 40.
Qg4+ 1-0

[Event "Sunway Sitges Open 2016"]
[Site "Sitges ESP"]
[Date "2016.12.19"]
[Round "5.26"]
[White "Cawdery, Daniel"]
[Black "Vidal Zamora, Alex"]
[Result "1-0"]
[WhiteTitle "IM"]
[BlackTitle "FM"]
[WhiteElo "2419"]
[BlackElo "2309"]
[WhiteFideId "14300249"]
[BlackFideId "2281872"]
[EventDate "2016.12.16"]

1. e4 e6 2. d4 d5 3. Nd2 c5 4. exd5 Qxd5 5. Ngf3 cxd4 6. Bc4 Qd6 7. O-O Nf6 8.
Nb3 Nc6 9. Nbxd4 Nxd4 10. Nxd4 Be7 11. c3 Qc7 12. Bd3 Bd7 13. Qf3 O-O 14. Re1
Nd5 15. Be4 Bf6 16. Bxd5 exd5 17. Qxd5 Bxd4 18. Qxd4 Bc6 19. Bf4 Qd7 20. Rad1
Qg4 21. Bg3 Qg6 22. Qd6 Qc2 23. Qd2 Qg6 24. Qd3 Rfe8 25. Qxg6 hxg6 26. Be5 f6
27. Bd4 g5 28. f3 a5 29. Kf2 a4 30. c4 Kf7 31. Bb6 Rxe1 32. Rxe1 Re8 33. Rxe8
Kxe8 34. Ke3 Kd7 35. b4 axb3 36. axb3 Kd6 37. b4 g4 38. b5 Bd7 39. f4 Bf5 40.
Kd4 Kd7 41. Bc5 Bc2 42. Bf8 g6 43. c5 f5 44. Bg7 Be4 45. g3 Bg2 46. Kc3 Ke6 47.
Kb4 Kd5 48. c6 bxc6 49. b6 c5+ 50. Ka5 Ke4 51. Ka6 Kd3 52. b7 Bxb7+ 53. Kxb7 Ke2
54. Kc6 c4 55. Kd5 Kf3 56. Kxc4 Kg2 57. Bf6 Kxh2 58. Bh4 Kh3 59. Kd4 1-0

[Event "Sunway Sitges Open 2016"]
[Site "Sitges ESP"]
[Date "2016.12.19"]
[Round "5.28"]
[White "Collas, Silvia"]
[Black "Sarkar, Justin"]
[Result "1/2-1/2"]
[WhiteTitle "IM"]
[BlackTitle "IM"]
[WhiteElo "2307"]
[BlackElo "2415"]
[WhiteFideId "2902265"]
[BlackFideId "2010011"]
[EventDate "2016.12.16"]

1. c4 e6 2. Nf3 Nf6 3. g3 a6 4. Nc3 d5 5. cxd5 exd5 6. d4 h6 7. Bg2 Bd6 8. Bf4
Bxf4 9. gxf4 Nc6 10. e3 Qd6 11. a3 Ne7 12. Ne2 Bg4 13. Ne5 Bxe2 14. Qxe2 O-O 15.
Rc1 c6 16. h4 1/2-1/2

[Event "Sunway Sitges Open 2016"]
[Site "Sitges ESP"]
[Date "2016.12.19"]
[Round "5.29"]
[White "Beerdsen, Thomas"]
[Black "Silva, Luis Neves Da"]
[Result "1-0"]
[WhiteTitle "FM"]
[BlackTitle "FM"]
[WhiteElo "2407"]
[BlackElo "2307"]
[WhiteFideId "1030108"]
[BlackFideId "1919121"]
[EventDate "2016.12.16"]

1. e4 c6 2. d4 d5 3. f3 e6 4. Nc3 Bb4 5. Ne2 Ne7 6. a3 Ba5 7. b4 Bc7 8. e5 b6 9.
Ng3 c5 10. f4 Nbc6 11. Nb5 Nxd4 12. Nxd4 cxd4 13. Nh5 O-O 14. Bd3 Bd7 15. O-O
Ng6 16. Rf3 f5 17. Rh3 Qe8 18. Qe2 a6 19. Bb2 Bb5 20. Bxd4 Bxd3 21. Qxd3 b5 22.
Bc5 Rf7 23. a4 bxa4 24. Qa3 Qb5 25. Qxa4 Qb7 26. Kh1 Bb6 27. Bd6 Rd7 28. b5 a5
29. Rc3 d4 30. Rc6 Ne7 31. Bxe7 Rxe7 32. Qc4 Kf7 33. g4 fxg4 34. f5 Kg8 35. f6
gxf6 36. exf6 Rf7 37. Qxe6 Kh8 38. Kg1 Bc7 39. b6 Be5 40. Rxa5 Bxh2+ 41. Kxh2 1-0

[Event "Sunway Sitges Open 2016"]
[Site "Sitges ESP"]
[Date "2016.12.19"]
[Round "5.30"]
[White "Krishna, C R G"]
[Black "Garcia Ramos, Daniel"]
[Result "0-1"]
[WhiteTitle "IM"]
[WhiteElo "2390"]
[BlackElo "2268"]
[WhiteFideId "5018625"]
[BlackFideId "32010311"]
[EventDate "2016.12.16"]

1. d4 Nf6 2. c4 e6 3. g3 d5 4. Nf3 Bb4+ 5. Bd2 Be7 6. Bg2 O-O 7. O-O c6 8. Qc2
Nbd7 9. cxd5 exd5 10. Nc3 Re8 11. Rad1 Bf8 12. Rfe1 g6 13. Bg5 h6 14. Bf4 Bg7
15. h3 Nf8 16. Qc1 g5 17. Be5 Ng6 18. Qc2 Be6 19. Bxf6 Bxf6 20. e4 dxe4 21. Rxe4
Ne7 22. Rxe6 fxe6 23. Qb3 Nd5 24. Ne4 Bg7 25. h4 gxh4 26. Nxh4 Qb6 27. Qf3 Qc7
28. Bh3 Rad8 29. Nc5 Qf7 30. Qxf7+ Kxf7 31. Nxb7 Rd7 32. Nc5 Rdd8 33. Bg4 Nf6
34. Bf3 Bf8 35. Nd3 Bd6 36. Bxc6 Re7 37. Nf3 Rc7 38. b4 Kg7 39. b5 Nd5 40. Re1
Kf6 41. Nd2 Ne7 42. Ne4+ Kf7 43. Rc1 Nxc6 44. bxc6 Ke7 45. Kg2 Rb8 46. Rh1 Rh8
47. Nxd6 Kxd6 48. Ne5 Kd5 49. Rh4 Rb8 50. Kf3 Rb4 51. Ke3 Ra4 52. Nd3 Rxc6 53.
Rh5+ Kd6 54. Rxh6 Rc3 55. Ke4 Rcc4 56. Nf4 Rxd4+ 57. Kf3 Ra3+ 58. Kg2 Re4 59. f3
Ree3 60. g4 Rxa2+ 61. Kg3 Raa3 0-1

[Event "Sunway Sitges Open 2016"]
[Site "Sitges ESP"]
[Date "2016.12.19"]
[Round "5.31"]
[White "Monnisha, G K"]
[Black "Gual Pascual, Antonio"]
[Result "0-1"]
[WhiteTitle "WIM"]
[BlackTitle "IM"]
[WhiteElo "2140"]
[BlackElo "2388"]
[WhiteFideId "5009936"]
[BlackFideId "2200589"]
[EventDate "2016.12.16"]

1. e4 g6 2. d4 Bg7 3. Nc3 d6 4. Be3 a6 5. Qd2 b5 6. h4 Nf6 7. f3 h5 8. Nh3 Bxh3
9. Rxh3 c6 10. O-O-O Nbd7 11. Kb1 Qc7 12. Bg5 O-O 13. Bh6 e5 14. Ne2 Rfd8 15.
Bxg7 Kxg7 16. Ng3 Nh7 17. Be2 Ndf6 18. f4 Qe7 19. f5 d5 20. fxg6 fxg6 21. exd5
Rxd5 22. Rhh1 Rxd4 23. Qc3 c5 24. Qa3 Ra7 25. Rde1 b4 26. Qa5 Qd6 27. Bf3 Rd7
28. a3 Nf8 29. axb4 Rxb4 30. Rd1 Qb8 31. Qa3 e4 32. Rxd7+ N8xd7 33. Be2 Ne5 34.
Rf1 a5 35. Kc1 e3 36. Qxe3 Rxb2 37. Qxc5 Rb1+ 38. Kd2 Qd8+ 39. Kc3 Nfd7 0-1

[Event "Sunway Sitges Open 2016"]
[Site "Sitges ESP"]
[Date "2016.12.19"]
[Round "5.34"]
[White "Henderson de La Fuente, Lance"]
[Black "Krishna Teja, N"]
[Result "0-1"]
[BlackTitle "IM"]
[WhiteElo "2378"]
[BlackElo "2253"]
[WhiteFideId "32096585"]
[BlackFideId "5001498"]
[EventDate "2016.12.16"]

1. e4 e6 2. d4 d5 3. Bd3 dxe4 4. Bxe4 Nf6 5. Bf3 c5 6. Ne2 cxd4 7. Qxd4 Nbd7 8.
Nbc3 Bc5 9. Qf4 Qe7 10. O-O Bd6 11. Qa4 O-O 12. g3 Ne5 13. Bg2 Bd7 14. Qb3 Bc6
15. Bxc6 bxc6 16. Qa4 Rab8 17. a3 Nd5 18. Qe4 f5 19. Qg2 Nc4 20. Nxd5 cxd5 21.
b3 Be5 22. Ra2 Nd6 23. Re1 Ne4 24. Bf4 Bxf4 25. Nxf4 g5 26. Nd3 g4 27. Raa1 Ng5
28. Ne5 Qg7 29. Rad1 Ne4 30. Nc6 Rb6 31. Nd4 e5 32. Nxf5 Rxf5 33. Rxd5 Ng5 34.
Rd8+ Rf8 35. Qd5+ Re6 36. Rd1 Nh3+ 37. Kg2 Qf6 38. Rxf8+ Kxf8 39. f3 e4 40. Qc5+
Kg7 41. Rd7+ Kg6 42. fxg4 Ng5 43. Qf5+ Qxf5 44. gxf5+ Kxf5 45. h4 Nf3 46. Rd1
Kg4 47. Kf2 e3+ 48. Ke2 Kxg3 49. c4 Kg2 0-1

[Event "Sunway Sitges Open 2016"]
[Site "Sitges ESP"]
[Date "2016.12.19"]
[Round "5.35"]
[White "Amato, Andrea"]
[Black "Villegas, Pierre"]
[Result "0-1"]
[WhiteTitle "FM"]
[BlackTitle "FM"]
[WhiteElo "2290"]
[BlackElo "2374"]
[WhiteFideId "813222"]
[BlackFideId "654183"]
[EventDate "2016.12.16"]

1. Nf3 d5 2. c4 e6 3. g3 Nf6 4. Bg2 d4 5. O-O c5 6. e3 Nc6 7. exd4 cxd4 8. Re1
Bd6 9. b3 O-O 10. d3 Re8 11. Ba3 a5 12. Bxd6 Qxd6 13. Nbd2 h6 14. c5 Qxc5 15.
Rc1 Qe7 16. Nc4 Ra6 17. Nce5 Bd7 18. Qd2 Rd8 19. Rc4 b5 20. Nxc6 Bxc6 21. Rxc6
Rxc6 22. Nxd4 Rxd4 23. Bxc6 b4 24. Qe3 Qd6 25. Bb5 h5 26. Rc1 Rd5 27. Rc8+ Kh7
28. Bc4 Re5 29. Qa7 Re1+ 30. Kg2 Qe5 31. Qxf7 Qe2 32. d4 Qe4+ 33. Kh3 Qf5+ 34.
Kg2 h4 35. f3 h3+ 36. Kf2 Rc1 37. Ke3 Re1+ 38. Kd2 Ne4+ 39. Kxe1 Qxf7 40. fxe4
Qf3 41. Rc5 Qxe4+ 42. Kd2 Qg2+ 43. Ke3 Qxh2 44. Kf3 Qg2+ 45. Kg4 h2 46. Bd3+ 0-1

[Event "Sunway Sitges Open 2016"]
[Site "Sitges ESP"]
[Date "2016.12.19"]
[Round "5.36"]
[White "Lorenzo De La Riva, Lazaro"]
[Black "Divya, Lakshmi R"]
[Result "1-0"]
[WhiteTitle "IM"]
[WhiteElo "2373"]
[BlackElo "1918"]
[WhiteFideId "2268809"]
[BlackFideId "5090016"]
[EventDate "2016.12.16"]

1. e4 c5 2. Nf3 d6 3. d4 cxd4 4. Nxd4 Nf6 5. Nc3 a6 6. Nb3 e6 7. a4 b6 8. Bd3
Be7 9. O-O O-O 10. f4 Nc6 11. Kh1 Bb7 12. Qe1 Qc7 13. Be3 Rfd8 14. Bg1 Nd7 15.
Qg3 Nc5 16. f5 Nxb3 17. cxb3 Ne5 18. Be2 Kh8 19. Rac1 Bc6 20. Nd5 exd5 21. exd5
Qb7 22. dxc6 Nxc6 23. f6 Bxf6 24. Rxf6 gxf6 25. Qf3 Rac8 26. Qxf6+ Kg8 27. Qg5+
Kf8 28. Bf3 Re8 29. Qh6+ Ke7 30. Bf2 Kd7 31. h3 Re6 32. Qxh7 1-0

[Event "Sunway Sitges Open 2016"]
[Site "Sitges ESP"]
[Date "2016.12.19"]
[Round "5.37"]
[White "Movileanu, Daniela"]
[Black "Epishin, Vladimir"]
[Result "0-1"]
[WhiteTitle "WFM"]
[BlackTitle "GM"]
[WhiteElo "2231"]
[BlackElo "2571"]
[WhiteFideId "873349"]
[BlackFideId "4162714"]
[EventDate "2016.12.16"]

1. e4 g6 2. d4 Bg7 3. Nf3 d6 4. Be2 Nf6 5. Nc3 O-O 6. O-O Nc6 7. d5 Nb8 8. h3 c6
9. Be3 Qc7 10. Qd2 Re8 11. Rad1 Nbd7 12. Bh6 Bh8 13. Rfe1 a6 14. a4 Nc5 15. Ng5
cxd5 16. exd5 Qb6 17. b4 Bf5 18. g4 Bd7 19. Qf4 Rac8 20. Nb1 e5 21. dxe6 Nxe6
22. Nxe6 Rxe6 23. Bc4 d5 24. Bd3 Rce8 25. Rxe6 Qxe6 26. Nd2 d4 27. Nf3 Nd5 28.
Qg3 Bc6 29. Bd2 Qd7 30. Re1 Rxe1+ 31. Bxe1 Qe8 32. Kf1 Bg7 33. Bd2 h6 34. Ne1
Nf6 35. f3 Nd5 36. Ng2 b5 37. axb5 Bxb5 38. f4 Nf6 39. Bxb5 axb5 40. Qd3 Qc6 41.
Kg1 Ne4 42. Be1 0-1